000 00537nam a2200181 i 4500
001 65401
003 ES-MaACL
005 20230906165349.0
007 t|
008 040112s1907 sp ||||1| spa d
100 1 _aFranche, Georges.
_952164
245 1 0 _aAccesorios de las calderas de vapor /
_cGeorges Franche ; traducción de José de Igual.
260 _aMadrid :
_bP. Orrier,
_c1907.
300 _aVI, 324 p. ;
_c24 cm.
650 4 _aCalderas de vapor.
_9164125
700 1 _aIgual, José de.
_965154
852 _aES-MaACL
_jB-1612
999 _c65401
_d65401